[Event "Fast Game"]
[Site "www.echecsemail.com"]
[Date "2014.12.19"]
[Round "1"]
[White "Tonino1"]
[Black "Derfel83"]
[WhiteElo "1850"]
[BlackElo "1570"]
[Result "1-0"]
[Round "1"]
1.c4 e5
2.Nb1c3 Nb8c6
3.g3 Qd8f6
4.Nc3d5 Qf6d6
5.Bf1g2 Ng8f6
6.d3 h6
7.Ng1f3 Nc6b4
8.e3 Nf6xd5
9.cxd5 Qd6xd5
10.d4 e4
11.Nf3d2 Nb4d3
12.Kf1 f5
13.Nd2b3 Qd5b5
14.Qd1e2 a6
15.f3 d5
16.fxe4 dxe4
17.Qe2h5 Kd8
18.Qh5e2 Bc8e6
19.Nb3d2 Be6d7
20.Kg1 Bf8b4
21.Nd2b3 g5
22.h4 Rh8g8
23.hxg5 Rg8xg5
24.Rh1xh6 Rg5xg3
25.Rh6h8 Bd7e8
26.Qe2h5  { time }
1-0

[Event "Fast Game"]
[Site "www.echecsemail.com"]
[Date "2014.12.19"]
[Round "1"]
[White "Cardiff"]
[Black "Derfel83"]
[WhiteElo "1760"]
[BlackElo "1570"]
[Result "1-0"]
[Round "1"]
1.e4 e6
2.d4 d5
3.exd5 exd5
4.Bf1d3 Nb8c6
5.c3 Bf8d6
6.Ng1e2 Ng8f6
7.Bc1f4 O-O
8.O-O Nc6a5
9.Nb1d2 Rf8e8
10.Bf4xd6 Qd8xd6
11.Ne2g3 a6
12.Qd1c2 Kh8
13.Rf1e1 Bc8d7
14.Ng3f5 Bd7xf5
15.Bd3xf5 g6
16.Bf5d3 c5
17.dxc5 Qd6xc5
18.h3 b5
19.b4  { time }
1-0

[Event "Fast Game"]
[Site "www.echecsemail.com"]
[Date "2014.12.19"]
[Round "1"]
[White "Tonino1"]
[Black "Fkarpov"]
[WhiteElo "1850"]
[BlackElo "1660"]
[Result "0-1"]
[Round "1"]
1.c4 g6
2.Nb1c3 Bf8g7
3.d3 d6
4.g3 e5
5.Bf1g2 Ng8h6
6.Ng1f3 O-O
7.O-O c6
8.Bc1d2 f6
9.Qd1c1 Nh6f7
10.b4 Bc8e6
11.Ra1b1 a6
12.Qc1c2 Qd8d7
13.Nc3a4 Qd7c7
14.Bd2e3 Nb8d7
15.Rb1b2 b5
16.cxb5 axb5
17.Na4c3 Rf8c8
18.a4 d5
19.d4 e4
20.Nf3d2 f5
21.a5 Qc7b7
22.Rf1a1 Qb7a6
23.Nd2b3 Nf7d6
24.Be3c1 Rc8e8
25.e3 Be6f7
26.Bg2f1 Nd6c4
27.Bf1xc4 dxc4
28.Nb3c5 Nd7xc5
29.bxc5 Re8e7
30.Bc1d2 Re7a7
31.Nc3a2 Qa6c8
32.Na2c1 Qc8d7
33.Bd2c3 Bf7d5
34.Qc2e2 Qd7e6
35.Rb2a2 Ra7a6
36.Ra2a3 Ra8b8
37.Nc1a2 Bg7f6
38.Na2b4 Ra6a7
39.a6 Qe6d7
40.Kg2 Qd7c8
41.h3 Bd5e6
42.f3 Be6d5
43.f4 h5
44.g4 hxg4
45.hxg4 fxg4
46.Kg3 Bd5e6
47.Ra1h1 Be6f5
48.Qe2h2 g5
49.Qh2h6 gxf4
50.exf4 Bf6g7
51.Qh6xc6 e3
52.Rh1h5 Ra7c7
53.Qc6d5 Bf5e6
54.Qd5g5 e2
55.d5 Be6f5
56.d6 Qc8e8
57.Qg5xf5 Qe8e3
58.Kh4 Bg7xc3
59.dxc7 e1Q
60.Kg5 Qe3e7
61.Kxg4 Qe1g1
62.Kf3 Qe7e3
 { time }
0-1

[Event "Fast Game"]
[Site "www.echecsemail.com"]
[Date "2014.12.19"]
[Round "1"]
[White "Tonino1"]
[Black "Attatroll"]
[WhiteElo "1920"]
[BlackElo "1810"]
[Result "1-0"]
[Round "1"]
1.e4 c5
2.Ng1f3 Nb8c6
3.d4 cxd4
4.Nf3xd4 e5
5.Nd4b5 d6
6.c4 a6
7.Nb5a3 Ng8f6
8.Nb1c3 Bf8e7
9.Na3c2 O-O
10.Bf1e2 Nc6d4
11.Nc2xd4 exd4
12.Qd1xd4 Bc8e6
13.O-O Ra8c8
14.Nc3d5 Nf6xd5
15.cxd5 Be7f6
16.Qd4b4 Be6d7
17.Qb4xd6 Bd7a4
18.Qd6xd8 Rf8xd8
19.Bc1e3 Rc8c2
20.Be2d3 Rc2xb2
21.Ra1b1 Rd8c8
22.Rb1xb2 Bf6xb2
23.Rf1b1 Bb2f6
24.Rb1xb7 g6
25.Rb7b6 Bf6d8
26.Rb6xa6 Ba4d1
27.Ra6c6 Rc8a8
28.Bd3a6 Bd1c2
29.Rc6xc2 Ra8xa6
30.Rc2c8 Ra6xa2
31.Rc8xd8 Kg7
32.g3 { resign }
1-0

[Event "Fast Game"]
[Site "www.echecsemail.com"]
[Date "2014.12.19"]
[Round "1"]
[White "Derfel83"]
[Black "Tenzinnima"]
[WhiteElo "1600"]
[BlackElo "1709"]
[Result "0-1"]
[Round "1"]
1.d4 Ng8f6
2.c4 g6
3.e3 Bf8g7
4.Ng1f3 O-O
5.b4 c6
6.Nb1c3 d5
7.Qd1b3 Bc8f5
8.b5 c5
9.Bc1a3 Nf6e4
10.Nc3xd5 Qd8a5
11.Ke2 Rf8e8
 { time }
0-1

[Event "Tourn. n7833"]
[Site "www.chess-mail.com"]
[Date "2014.12.20"]
[Round "1"]
[White "Snebur56"]
[Black "Hali"]
[WhiteElo "2290"]
[BlackElo "2250"]
[Result "1-0"]
[Round "1"]
1.e4 c5
2.Ng1f3 Nb8c6
3.d4 cxd4
4.Nf3xd4 Ng8f6
5.Nb1c3 e5
6.Nd4b5 d6
7.Bc1g5 a6
8.Nb5a3 b5
9.Bg5xf6 gxf6
10.Nc3d5 Bf8g7
11.Bf1d3 Nc6e7
12.Nd5xe7 Qd8xe7
13.c4 f5
14.O-O O-O
15.cxb5 axb5
16.Na3xb5 Ra8b8
17.a4 Bc8a6
18.Qd1f3 fxe4
19.Qf3xe4 f5
20.Qe4d5 Kh8
21.Nb5xd6 Ba6xd3
22.Qd5xd3 e4
23.Qd3d5 Bg7xb2
24.Ra1b1 Qe7f6
25.Rf1d1 Kg7
26.a5 Kg6
27.Nd6b7 Bb2c3
28.Rb1b6 Rb8xb7
29.Rb6xf6 { resign }
1-0

[Event "Tourn. n7795"]
[Site "www.chess-mail.com"]
[Date "2014.12.20"]
[Round "1"]
[White "Canario"]
[Black "Falcoale"]
[WhiteElo "1760"]
[BlackElo "1800"]
[Result "0-1"]
[Round "1"]
1.e4 c5
2.Ng1f3 Nb8c6
3.d4 cxd4
4.Nf3xd4 a6
5.Nd4xc6 bxc6
6.Nb1c3 e6
7.Bc1f4 d6
8.Bf1d3 e5
9.Bf4e3 Ng8f6
10.h3 Bc8b7
11.Be3g5 h6
12.Bg5h4 Bf8e7
13.Qd1f3 Ra8b8
14.O-O Bb7c8
15.Bh4xf6 Be7xf6
16.b3 Bc8b7
17.Qf3e2 O-O
18.Bd3xa6 Qd8b6
19.Ba6d3 d5
20.exd5 cxd5
21.Ra1d1 Qb6c6
22.Nc3xd5 Qc6c5
23.Nd5xf6 gxf6
24.Qe2h5 Qc5c6
25.Qh5g4 Kh8
26.f3 Rf8g8
27.Qg4e4 Qc6c5
28.Rf1f2 Bb7xe4
29.Bd3xe4 Rb8d8
30.Rd1f1 Rd8d6
31.c4 Qc5e3
32.Kh2 Rd6d2
33.Kg1 Rd2xf2
34.Rf1xf2 Rg8d8
35.Be4c2 Rd8d2
{ resign }
0-1

[Event "Tourn. n7889"]
[Site "www.chess-mail.com"]
[Date "2014.12.20"]
[Round "1"]
[White "Pgcbies"]
[Black "Jaroslavpech"]
[WhiteElo "2750"]
[BlackElo "2540"]
[Result "1-0"]
[Round "1"]
1.e4 c5
2.Ng1f3 d6
3.d4 cxd4
4.Nf3xd4 Ng8f6
5.Nb1c3 a6
6.Bc1g5 e6
7.f4 Bf8e7
8.Qd1f3 Qd8c7
9.O-O-O Nb8d7
10.Bf1d3 h6
11.h4  { time }
1-0

[Event "Tourn. n7907"]
[Site "www.chess-mail.com"]
[Date "2014.12.20"]
[Round "1"]
[White "Louis"]
[Black "Awfen"]
[WhiteElo "1890"]
[BlackElo "2010"]
[Result "1-0"]
[Round "1"]
1.d4 d5
2.c4 dxc4
3.Ng1f3 Ng8f6
4.Qd1a4 Qd8d7
5.Qa4xc4 Nb8c6
6.Nb1c3 e6
7.a3 Bf8e7
8.e4 Nc6a5
9.Qc4a2 O-O
10.Bf1e2 b6
11.b4 Na5b7
12.O-O a6
13.Rf1d1 Qd7c6
14.Bc1g5 Rf8e8
15.Ra1c1 Nf6xe4
16.Nc3b5 Qc6d7
17.Nb5xc7 Ne4xg5
18.Nf3e5 { resign }
1-0

[Event "Tourn. n7810"]
[Site "www.chess-mail.com"]
[Date "2014.12.20"]
[Round "1"]
[White "Guidom"]
[Black "Andychesston"]
[WhiteElo "2050"]
[BlackElo "1950"]
[Result "1-0"]
[Round "1"]
1.e4 d5
2.exd5 Qd8xd5
3.Nb1c3 Qd5e5
4.Qd1e2 Nb8c6
5.Qe2xe5 Nc6xe5
6.Ng1e2 Ng8f6
7.Nc3b5 Nf6d5
8.d4 Ne5g6
9.c4 a6
10.cxd5 axb5
11.Ne2c3 c6
12.dxc6 bxc6
13.Bf1d3 b4
14.Nc3e4 e6
15.O-O Bf8e7
16.Bc1e3 O-O
17.b3 h6
18.Rf1c1 Bc8a6
19.Bd3f1  { time }
1-0

[Event "Tourn. n7851"]
[Site "www.chess-mail.com"]
[Date "2014.12.20"]
[Round "1"]
[White "Falcoale"]
[Black "Averoes"]
[WhiteElo "2080"]
[BlackElo "2070"]
[Result "0-1"]
[Round "1"]
1.e4 c5
2.Ng1f3 e6
3.d4 cxd4
4.Nf3xd4 Nb8c6
5.Nb1c3 Qd8c7
6.a3 a6
7.Bc1e3 b5
8.Nd4xc6 Qc7xc6
9.Bf1d3 Bc8b7
10.O-O Ng8f6
11.f3 Bf8c5
12.Be3xc5 Qc6xc5
13.Kh1 h5
14.Nc3e2 h4
15.b4 Qc5b6
16.Qd1d2 O-O-O
17.Ra1c1 d5
18.e5 Nf6h5
19.Qd2g5 h3
20.g3 f6
21.exf6 gxf6
22.Qg5g4 Rd8g8
23.Qg4d4 Qb6xd4
24.Ne2xd4 Nh5g7
25.Nd4b3 Ng7e8
26.Nb3c5 Ne8c7
27.Nc5xb7 Kxb7
28.c3 Rg8g5
29.f4 Rg5g4
30.Bd3e2 Rg4g7
31.Rc1a1 Nc7e8
32.a4 Ne8c7
33.axb5 Nc7xb5
34.Ra1c1 Rh8c8
35.Be2f3 Rc8xc3
36.Rc1xc3 Nb5xc3
37.Rf1e1 Rg7e7
38.Bf3g4 e5
39.Bg4xh3 e4
40.Bh3g2 Kb6
41.Re1a1 d4
42.h4 Kb5
43.h5 d3
44.h6 e3
45.Bg2f1 e2
46.Kg1 exf1Q
47.Kxf1 d2
48.g4 d1Q
{ resign }
0-1

[Event "Tourn. n7919"]
[Site "www.chess-mail.com"]
[Date "2014.12.20"]
[Round "1"]
[White "Fractal"]
[Black "Mitja"]
[WhiteElo "1980"]
[BlackElo "1930"]
[Result "1/2-1/2"]
[Round "1"]
1.e4 d5
2.exd5 Qd8xd5
3.Nb1c3 Qd5d8
4.d4 e6
5.Bf1b5 c6
6.Bb5a4 h6
7.Ng1e2 Ng8f6
8.h3 Nb8d7
9.O-O Nd7b6
10.Ba4b3 Bf8e7
11.Bc1e3 Nb6d5
12.Nc3xd5 Nf6xd5
13.Bb3xd5 cxd5
14.Ne2f4 b6
15.c3 Be7g5
16.Nf4h5 O-O
17.Qd1f3 Bg5xe3
18.fxe3 Bc8d7
19.Qf3g3 Qd8g5
20.Qg3xg5 hxg5
21.Nh5g3 f6
22.e4 Bd7c6
23.Ra1e1 Ra8e8
24.e5 f5
25.Ng3h5 Kh7
26.g4 Kg6
27.Nh5g3 f4
28.Ng3h1 a5
29.Rf1f3 Bc6b5
30.Nh1f2 a4
31.Nf2d3 Bb5xd3
32.Rf3xd3 b5
33.a3 Rf8h8
34.Rd3f3 { draw }
1/2-1/2

[Event "Tourn. n7856"]
[Site "www.chess-mail.com"]
[Date "2014.12.20"]
[Round "1"]
[White "Buliland"]
[Black "Ingauno64"]
[WhiteElo "2590"]
[BlackElo "2510"]
[Result "1/2-1/2"]
[Round "1"]
1.e4 Nb8c6
2.Ng1f3 d6
3.d4 Ng8f6
4.Nb1c3 g6
5.d5 Nc6b8
6.h3 Bf8g7
7.Bc1e3 O-O
8.Bf1e2 Nb8d7
9.O-O Nd7c5
10.e5 Nf6d7
11.exd6 exd6
12.Be3d4 Nd7f6
13.b4 Nc5d7
{ draw }
1/2-1/2

[Event "Tourn. n7866"]
[Site "www.chess-mail.com"]
[Date "2014.12.20"]
[Round "1"]
[White "Llcervello"]
[Black "Generalfree"]
[WhiteElo "1770"]
[BlackElo "1790"]
[Result "0-1"]
[Round "1"]
1.e4 c5
2.d3 h6
3.f4 e6
4.c4 Nb8c6
5.Ng1f3 d6
6.g4 Ng8f6
7.h3 g6
8.Nb1c3 a6
9.Qd1a4 Bc8d7
10.Qa4b3 Nc6a5
11.Qb3c2 b5
12.b3 b4
13.g5 hxg5
14.fxg5 Nf6h5
15.e5 Nh5g3
16.Rh1g1 Ng3xf1
17.Rg1xf1 Rh8xh3
18.Qc2g2 Rh3h5
19.Rf1h1 Rh5xh1
20.Qg2xh1 bxc3
21.Qh1h8 Bd7c6
22.Nf3h2 dxe5
23.Qh8xe5 Ra8c8
24.Qe5xc3 Na5b7
25.Bc1f4 Bf8e7
26.Nh2f3 Bc6xf3
27.d4 Bf3h5
28.dxc5 Nb7xc5
29.Kf1 Be7xg5
30.Qc3g3 Bg5xf4
31.Qg3e1 Qd8d3
32.Kg2 Qd3f3
33.Kg1 Nc5d3
34.Qe1f1 Qf3g3
35.Qf1g2 Bf4e3
36.Kf1 Qg3f4
37.Qg2f2 Qf4xf2

0-1

[Event "Tourn. n7910"]
[Site "www.chess-mail.com"]
[Date "2014.12.20"]
[Round "1"]
[White "Norlavuaram"]
[Black "Jesmantiz"]
[WhiteElo "2180"]
[BlackElo "2080"]
[Result "0-1"]
[Round "1"]
1.e4 d6
2.c4 c6
3.Nb1c3 g6
4.Ng1f3 Bf8g7
5.d4 h6
6.Bf1e2 Nb8a6
7.O-O e6
8.Bc1e3 Ng8e7
9.Qd1d2 Na6c7
10.Ra1c1 a6
11.b4 b5
12.a3 bxc4
13.Be2xc4 Nc7b5
14.a4 Nb5c7
15.d5 cxd5
16.exd5 e5
17.b5 axb5
18.axb5 Ne7f5
19.b6 Nc7a6
20.Rc1b1 Nf5xe3
21.Qd2xe3 Na6c5
22.Bc4b5 Bc8d7
23.Bb5c6 Ra8b8
24.Nc3e4 Nc5xe4
25.Qe3xe4 O-O
26.b7 Bd7f5
27.Qe4b4 Bf5xb1
28.Rf1xb1 g5
29.Rb1a1 e4
30.Nf3d4 Qd8f6
31.Ra1d1 Qf6e5
32.Nd4b5 Rf8d8
33.Nb5c7 e3
34.fxe3 Qe5xe3
35.Kh1 Bg7e5
36.Nc7a6 Qe3e2
{ resign }
0-1

[Event "Tourn. n7910"]
[Site "www.chess-mail.com"]
[Date "2014.12.20"]
[Round "1"]
[White "Jesmantiz"]
[Black "Luban"]
[WhiteElo "2080"]
[BlackElo "2160"]
[Result "1-0"]
[Round "1"]
1.d4 d5
2.e3 e6
3.Bf1d3 c5
4.c3 Ng8f6
5.Nb1d2 Bf8e7
6.f4 O-O
7.Ng1f3 a6
8.O-O Nb8c6
9.Nf3e5 cxd4
10.exd4 Be7d6
11.Rf1f3 Bd6xe5
12.fxe5 Nf6d7
13.Rf3h3 g6
14.Nd2f3 Rf8e8
15.Nf3g5 Nd7f8
16.Qd1f3 Qd8d7
17.b3 b5
18.Bc1a3 b4
19.cxb4 Nc6xd4
20.Qf3f2 Nd4b5
21.Ba3b2 Bc8b7
22.a4 Nb5a7
23.Bb2d4 Qd7d8
24.Qf2xf7 { resign }
1-0

[Event "Tourn. n7916"]
[Site "www.chess-mail.com"]
[Date "2014.12.20"]
[Round "1"]
[White "Hugol"]
[Black "Generalfree"]
[WhiteElo "1870"]
[BlackElo "1780"]
[Result "1-0"]
[Round "1"]
1.e4 e5
2.Ng1f3 Nb8c6
3.Bf1b5 Ng8e7
4.O-O a6
5.Bb5a4 b5
6.Ba4b3 h6
7.d4 exd4
8.Nf3xd4 Nc6xd4
9.Qd1xd4 Ne7c6
10.Qd4d5 Qd8e7
11.Bc1f4 d6
12.Qd5xc6 { resign }
1-0

[Event "Tourn. n7918"]
[Site "www.chess-mail.com"]
[Date "2014.12.20"]
[Round "1"]
[White "Dspillman"]
[Black "Faerieking"]
[WhiteElo "1660"]
[BlackElo "1499"]
[Result "0-1"]
[Round "1"]
1.e4 e5
2.Ng1f3 f5
3.Nf3xe5 Nb8c6
4.Ne5xc6 dxc6
5.Bf1d3 fxe4
6.Qd1e2 Ng8f6
7.Nb1c3 Bf8e7
8.Nc3xe4 O-O
9.Ne4g5 Nf6d5
10.Ng5xh7 Nd5f4
11.Qe2e4 Nf4xd3
12.cxd3 Bc8f5
13.Nh7f6 Rf8xf6
14.Qe4e3 Rf6e6
15.Qe3xe6 Bf5xe6
16.O-O Qd8d4
17.Ra1b1 Be6xa2
18.Rb1a1 Ba2d5
19.Ra1a3 Ra8f8
20.Ra3c3 Be7c5
21.h3 Rf8xf2
22.Rc3xc5 Rf2xg2
{ resign }
0-1

[Event "Tourn. n7941"]
[Site "www.chess-mail.com"]
[Date "2014.12.20"]
[Round "1"]
[White "Krasin"]
[Black "Falcoale"]
[WhiteElo "2170"]
[BlackElo "2000"]
[Result "1-0"]
[Round "1"]
1.e4 c5
2.d4 cxd4
3.c3 dxc3
4.Nb1xc3 e6
5.Ng1f3 a6
6.Bf1c4 b5
7.Bc4b3 Bc8b7
8.O-O b4
9.Nc3d5 exd5
10.exd5 d6
11.Rf1e1 Bf8e7
12.Nf3d4 Nb8d7
13.Qd1g4 g6
14.Bb3a4 Ng8f6
15.Qg4h4 Bb7xd5
16.Qh4xf6 Rh8g8
17.Qf6xd6 Bd5e6
18.Re1xe6 fxe6
19.Qd6xe6 Rg8f8
20.Bc1g5 a5
21.Ra1e1 Rf8f7
22.Nd4c6 Ra8a6
23.Qe6c4 Qd8a8
24.Bg5xe7 Rf7xe7
25.Re1xe7 { resign }
1-0

[Event "Tourn. n7696"]
[Site "www.chess-mail.com"]
[Date "2014.12.20"]
[Round "1"]
[White "Passaroa25"]
[Black "Georgepapi"]
[WhiteElo "1590"]
[BlackElo "1599"]
[Result "0-1"]
[Round "1"]
1.f3 e5
2.Ng1h3 d5
3.Nh3f2 Ng8f6
4.c3 Nb8c6
5.d3 Bf8e7
6.Nb1d2 O-O
7.e4 dxe4
8.Nd2xe4 Bc8f5
9.Bf1e2 Nf6xe4
10.dxe4 Bf5e6
11.Qd1xd8 Ra8xd8
12.O-O Be7c5
13.Kh1 h6
14.Nf2d3 Bc5b6
15.Rf1d1 Be6c4
16.b3 Bc4xd3
17.Be2xd3 Rf8e8
18.Bc1b2 f6
19.h3 Bb6e3
20.Bd3c4 Kh7
21.Bc4d5 Rd8d6
22.Bd5f7 Re8d8
23.Bf7d5 Nc6e7
24.Rd1d3 Ne7xd5
25.exd5 Be3f4
26.c4 c6
27.Bb2a3 Rd6d7
28.Ba3c5 b6
29.Bc5e3 Bf4xe3
30.Rd3xe3 cxd5
31.Ra1d1 d4
32.Re3d3 f5
33.g3 g5
34.Kg2 Kg6
35.g4 e4
36.fxe4 fxe4
37.Rd3d2 d3
38.Kf2 Kf6
39.Ke3 Ke5
40.Rd1f1 Rd7d4
41.Rf1f5 Ke6
42.Rf5d5 Rd4xd5
43.cxd5 Kxd5
44.a4 Rd8f8
45.Rd2f2 Rf8xf2
46.Kxf2 d2
47.Ke2 e3
48.b4 Kc4
49.a5 b5
50.a6 Kxb4
51.Kd1 Kc3
52.Ke2 Kc2
53.Kxe3 d1Q
54.Ke4 Kc3
55.Kf5 Qd1d5
56.Kg6 Qd5e6
57.Kh5 b4
58.h4 gxh4
59.Kxh4 b3
60.Kh5 b2
61.g5 b1Q
62.gxh6 Qb1f5
63.Kh4 Qe6g6
64.h7 Qf5g4

0-1

[Event "Tourn. n7914"]
[Site "www.chess-mail.com"]
[Date "2014.12.20"]
[Round "1"]
[White "Mitja"]
[Black "Masti"]
[WhiteElo "1960"]
[BlackElo "1960"]
[Result "1-0"]
[Round "1"]
1.d4 Ng8f6
2.e3 d5
3.h3 Nb8c6
4.Ng1f3 Bc8f5
5.Nf3h4 Bf5e4
6.Bf1d3 e5
7.dxe5  { time }
1-0

[Event "Tourn. n7816"]
[Site "www.chess-mail.com"]
[Date "2014.12.20"]
[Round "1"]
[White "Roque1"]
[Black "Anja"]
[WhiteElo "1800"]
[BlackElo "1690"]
[Result "0-1"]
[Round "1"]
1.e4 Ng8f6
2.Nb1c3 d5
3.Bf1b5 c6
4.Bb5a4 Nf6xe4
5.Nc3xe4 dxe4
6.f3 e5
7.Ng1e2 exf3
8.gxf3 Bc8e6
9.d3 Nb8d7
10.Bc1d2 Qd8b6
11.Bd2c3 Bf8c5
12.Rh1f1 Be6h3
13.Kd2 Bc5e3
14.Ke1 Bh3xf1
15.Kxf1 Nd7c5
16.Ba4b3 Nc5xb3
17.axb3 O-O-O
18.Bc3xe5 Rd8e8
19.d4 f6
20.Be5d6 Re8e6
21.Bd6c5 Qb6c7
 { time }
0-1

[Event "Tourn. n7888"]
[Site "www.chess-mail.com"]
[Date "2014.12.20"]
[Round "1"]
[White "Hugol"]
[Black "Roque1"]
[WhiteElo "1810"]
[BlackElo "1900"]
[Result "1-0"]
[Round "1"]
1.e4 c5
2.Ng1f3 e6
3.d4 cxd4
4.Nf3xd4 Ng8f6
5.Nb1c3 Bf8b4
6.f3 Bb4xc3
7.bxc3 O-O
8.Bf1c4 d5
9.exd5 exd5
10.Bc4b5 Bc8d7
11.O-O  { time }
1-0

[Event "Tourn. n7771"]
[Site "www.chess-mail.com"]
[Date "2014.12.20"]
[Round "1"]
[White "Robwally"]
[Black "Bjonil60"]
[WhiteElo "1459"]
[BlackElo "1350"]
[Result "1-0"]
[Round "1"]
1.d4 d5
2.g3 Ng8f6
3.Ng1f3 Nb8c6
4.Bf1g2 g6
5.O-O e6
6.c4 b6
7.Qd1a4 Bc8d7
8.Qa4c2 Bf8e7
9.cxd5 Nc6b8
10.dxe6 Bd7xe6
11.Rf1d1 O-O
12.Nb1c3 a6
13.Nf3e5 Be7d6
14.Bg2xa8 Nb8d7
15.Ne5xd7 Be6xd7
16.Ba8g2 b5
17.Bc1g5 Bd6e7
18.Bg5xf6 Be7xf6
19.e4 Bf6g7
20.e5 Rf8e8
21.b4 c6
22.Nc3e4 h5
23.Ne4d6 Re8f8
24.Bg2xc6 Bd7xc6
25.Qc2xc6 Bg7h6
26.Qc6xa6 Qd8e7
27.Qa6xb5 Rf8d8
28.Qb5b7 Qe7e6
29.a4 Rd8d7
30.Qb7c8 Kg7
31.Nd6e4 Kh7
32.Ne4f6 Kg7
33.Qc8g8 
1-0

[Event "Tourn. n7924"]
[Site "www.chess-mail.com"]
[Date "2014.12.20"]
[Round "1"]
[White "Fractal"]
[Black "Oxycontin"]
[WhiteElo "1970"]
[BlackElo "2030"]
[Result "1/2-1/2"]
[Round "1"]
1.e4 Ng8f6
2.e5 Nf6d5
3.c4 Nd5b6
4.d4 d6
5.Ng1f3 dxe5
6.Nf3xe5 Nb8c6
7.Ne5xc6 bxc6
8.Nb1c3 g6
9.Bc1e3 Bf8g7
10.Bf1e2 O-O
11.O-O e5
12.dxe5 Bg7xe5
13.Qd1xd8 Rf8xd8
14.Ra1c1 Bc8e6
{ draw }
1/2-1/2

[Event "Tourn. n7662"]
[Site "www.chess-mail.com"]
[Date "2014.12.20"]
[Round "1"]
[White "Johnmcbride"]
[Black "Paes19"]
[WhiteElo "1860"]
[BlackElo "1990"]
[Result "1-0"]
[Round "1"]
1.e4 e6
2.d3 c5
3.c4 Nb8c6
4.Ng1f3 h6
5.a3 Qd8c7
6.Bc1d2 d6
7.b4 Ng8f6
8.Nb1c3 Bf8e7
9.Nc3b5 Qc7b8
10.Bf1e2 a6
11.Nb5c3 O-O
12.O-O b6
13.Bd2f4 Nc6d4
14.Nf3xd4 cxd4
15.Nc3a4 e5
16.Bf4d2 b5
17.cxb5 Qb8xb5
18.h3 Bc8d7
19.Na4b2 Nf6h7
20.Nb2c4 f5
21.a4 Qb5b7
22.Nc4a5 Qb7a7
23.Qd1b3 Kh8
24.Qb3d5 Ra8c8
25.Rf1c1 Nh7f6
26.Qd5b3 f4
27.Be2f3 Rc8c7
28.Na5c4 Rf8c8
29.b5 axb5
30.axb5 Qa7b8
31.b6 Rc7b7
32.Bd2a5 Bd7e6
33.Rc1c2 d5
34.exd5 Nf6xd5
35.Bf3xd5 Be6xd5
36.Ra1c1 Rb7a7
37.Rc1a1 Rc8c5
38.Rc2a2 Qb8b7
39.f3 Ra7a6
40.Ba5b4 Ra6xb6
41.Ra2a8 Kh7
42.Ra1a7 Rb6xb4
43.Qb3a3  { time }
1-0

[Event "Tourn. n7489"]
[Site "www.chess-mail.com"]
[Date "2014.12.20"]
[Round "1"]
[White "Stepanpech"]
[Black "Leo57"]
[WhiteElo "2770"]
[BlackElo "2760"]
[Result "0-1"]
[Round "1"]
1.d4 Ng8f6
2.c4 e6
3.Nb1c3 d5
4.Ng1f3 Nb8d7
5.Bc1g5 c6
6.e3 Qd8a5
7.Nf3d2 Bf8b4
8.Qd1c2 O-O
9.Bf1e2 c5
10.O-O cxd4
11.Nd2b3 Qa5b6
12.Nc3a4 Qb6c7
13.Nb3xd4 dxc4
14.Be2xc4 Bb4d6
15.Ra1c1 Bd6xh2
16.Kh1 Bh2d6
17.Nd4b5 Qc7c6
18.Nb5xd6 Qc6xd6
19.Bc4e2 Nf6d5
20.Rf1d1 Qd6e5
21.Bg5h4 Nd7f6
22.Rd1d4 b6
23.Qc2c6 Qe5b8
24.Bh4xf6 Nd5xf6
25.Be2f3 Nf6d5
26.Bf3xd5 exd5
27.Qc6xd5 Bc8e6
28.Qd5e4 Be6xa2
29.Na4c3 Rf8e8
30.Qe4f3 Ba2e6
31.Nc3b5 Qb8e5
32.Nb5d6 Re8f8
33.Qf3d1 Qe5f6
34.Qd1d2 a5
35.Kg1 a4
36.Qd2b4 h6
37.Rc1c6 Qf6g6
38.f3 Qg6g3
39.Rc6xb6 Be6h3
40.Qb4d2 a3
41.bxa3 Ra8xa3
42.Rb6b1 Bh3e6
43.Nd6e4 Qg3e5
44.Rd4d8 Rf8xd8
45.Qd2xd8 Kh7
46.Qd8d4 Qe5xd4
47.exd4 Ra3d3
48.Rb1b4 Be6d5
49.Kf2 f5
50.Ne4g3 Rd3d2
51.Ke3 Rd2xg2
52.Ng3xf5 Rg2a2
53.Rb4b6 Bd5a8
54.Kf4 Ra2a3
55.Rb6d6 Ra3xf3
56.Ke5 Rf3b3
57.Rd6d7 Rb3b7
58.Rd7xb7 Ba8xb7
 { time }
0-1

[Event "Tourn. n7835"]
[Site "www.chess-mail.com"]
[Date "2014.12.20"]
[Round "1"]
[White "Fractal"]
[Black "Vasylpuzanov"]
[WhiteElo "1940"]
[BlackElo "1870"]
[Result "0-1"]
[Round "1"]
1.e4 e5
2.Ng1f3 Nb8c6
3.Bf1c4 Ng8f6
4.Nf3g5 d5
5.exd5 Nc6a5
6.Bc4b5 c6
7.dxc6 bxc6
8.Bb5e2 h6
9.Ng5f3 e4
10.Nf3e5 Bf8d6
11.d4 O-O
12.Ne5g4 Nf6xg4
13.Be2xg4 f5
14.Bg4e2 Bc8e6
15.a3 f4
16.b4 f3
17.gxf3 exf3
18.Be2d3 Rf8e8
19.Bc1e3 Na5c4
20.Bd3xc4 Be6xc4
21.Nb1c3 Bd6f4
22.Qd1d2 Bf4xe3
23.fxe3 Qd8h4
24.Kd1 f2
25.Nc3e2 Qh4g4
{ resign }
0-1

[Event "Match"]
[Site "www.echecsemail.com"]
[Date "2014.12.20"]
[Round "1"]
[White "Generalfree"]
[Black "Oxycontin"]
[WhiteElo "1770"]
[BlackElo "2050"]
[Result "0-1"]
[Round "1"]
1.e4 Ng8f6
2.e5 Nf6d5
3.d4 d6
4.exd6 cxd6
5.Bf1c4 Bc8e6
6.Bc4xd5 Be6xd5
7.f3 g6
8.Ng1e2 Bf8g7
9.b3 O-O
10.c4 Bd5c6
11.Nb1c3 e5
12.d5 Bc6d7
13.h4 f5
14.Bc1g5 Bg7f6
15.Bg5xf6 Qd8xf6
16.g3 Nb8a6
17.a3 Ra8e8
18.h5 e4
19.fxe4 fxe4
20.Qd1d4 Na6c5
21.b4 Nc5d3
22.Kd2 Qf6g5
23.Kc2 Bd7f5
24.hxg6 Bf5xg6
25.Qd4xa7 e3
26.Kb3 Qg5g4
27.Qa7xb7 Nd3c5
28.bxc5 Re8b8
29.Qb7xb8 Rf8xb8
30.Ka2 Qg4xc4
{ resign }
0-1

[Event "Match"]
[Site "www.echecsemail.com"]
[Date "2014.12.20"]
[Round "1"]
[White "Generalfree"]
[Black "Sorel"]
[WhiteElo "1770"]
[BlackElo "2000"]
[Result "1/2-1/2"]
[Round "1"]
1.e4 e5
2.Ng1f3 Nb8c6
3.Bf1b5 a6
4.Bb5xc6 dxc6
5.Nf3xe5 Qd8d4
6.Ne5d3 Qd4xe4
7.Qd1e2 Qe4xe2
8.Kxe2 Bf8d6
9.g3 Bc8f5
10.Rh1e1 O-O-O
11.Kf1 Bf5xd3
12.cxd3 Bd6c5
13.b3 Rd8xd3
14.Bc1b2 Bc5d4
15.Bb2xd4 Rd3xd4
16.Re1e8 Rd4d8
17.Re8xd8 Kxd8
18.Nb1c3 { draw }
1/2-1/2

[Event "Match"]
[Site "www.echecsemail.com"]
[Date "2014.12.20"]
[Round "1"]
[White "Germancho95"]
[Black "Paco6"]
[WhiteElo "1490"]
[BlackElo "1600"]
[Result "1-0"]
[Round "1"]
1.e4 c5
2.Ng1f3 d6
3.Bf1b5 Bc8d7
4.Bb5c4 Ng8f6
5.c3 Nb8c6
6.d3 e5
7.O-O Bf8e7
8.Rf1e1 O-O
9.Bc1g5 Bd7g4
10.Bg5xf6 Be7xf6
11.Nb1d2 Qd8d7
12.Ra1b1 Nc6e7
13.a3 Ne7g6
14.Bc4a2 d5
15.b4 b6
16.exd5 Rf8e8
17.c4 Ng6f4
18.g3 Nf4h3
19.Kf1 Qd7f5
20.Qd1e2 e4
21.dxe4 Qf5h5
22.Qe2e3 Bf6e7
23.e5 a5
24.b5 Be7g5
25.Nf3xg5 h6
26.Ng5xh3  { time }
1-0

[Event "Match"]
[Site "www.echecsemail.com"]
[Date "2014.12.20"]
[Round "1"]
[White "Joseph1983"]
[Black "Guidom"]
[WhiteElo "2190"]
[BlackElo "2040"]
[Result "1/2-1/2"]
[Round "1"]
1.d4 d5
2.c4 dxc4
3.e3 c6
4.Bf1xc4 Ng8f6
5.Nb1c3 e6
6.Ng1f3 Bf8e7
7.O-O O-O
8.Qd1e2 Nb8d7
9.a3 Nd7b6
10.Bc4d3 Nf6d5
11.e4 Nd5xc3
12.bxc3 Bc8d7
13.e5 c5
14.Qe2e4 g6
15.Qe4xb7 c4
16.Bd3c2 Nb6d5
17.Bc2e4 Ra8b8
18.Qb7xa7 Rb8a8
19.Qa7b7 Ra8b8
20.Qb7a7 Rb8a8
21.Qa7b7 Ra8b8
22.Qb7a7 { draw }
1/2-1/2

[Event "Match"]
[Site "www.echecsemail.com"]
[Date "2014.12.20"]
[Round "1"]
[White "Fractal"]
[Black "Vasylpuzanov"]
[WhiteElo "1920"]
[BlackElo "1820"]
[Result "0-1"]
[Round "1"]
1.e4 e5
2.Ng1f3 Nb8c6
3.Bf1c4 Ng8f6
4.d4 exd4
5.e5 d5
6.Bc4b5 Nf6e4
7.Nf3xd4 Bc8d7
8.Bb5xc6 Bd7xc6
9.Nd4xc6 bxc6
10.O-O Qd8e7
11.Bc1f4 Qe7b4
12.Bf4c1 Qb4e7
13.Bc1f4 Qe7b4
14.Bf4c1 Bf8c5
15.c3 Qb4b6
16.Qd1c2 a5
17.b3 O-O
18.Bc1a3 Rf8e8
19.Ba3xc5 Qb6xc5
20.c4 Re8xe5
21.Nb1c3 Ne4xc3
22.Qc2xc3 f6
23.Ra1c1 d4
24.Qc3d3 Ra8d8
25.Rf1e1 g6
26.Rc1d1 Qc5b4
27.Kf1 a4
28.Re1xe5 fxe5
29.Rd1e1 axb3
30.axb3 Qb4d6
31.g3 c5
32.Qd3e4 d3
33.Re1d1 h6
34.Qe4e3 Kg7
35.Rd1d2 Kh7
36.h4 Kg7
37.Qe3e4 Qd6d4
38.f3 Qd4c3
39.Qe4e3 Kh7
40.Kg2 Rd8d7
41.Kh3 Qc3xb3
42.Qe3xc5 Qb3b1
43.Qc5c6 Qb1h1
44.Kg4 Rd7d4
{ resign }
0-1